Tolna megye települései - Statistics

General Stats
  • This quiz has been taken 14 times
  • The average score is 32 of 109
Answer Stats
Válaszok % Correct
Szekszárd
92%
Paks
83%
Bonyhád
75%
Báta
67%
Dombóvár
67%
Kakasd
67%
Tamási
67%
Tolna
67%
Bátaszék
58%
Decs
58%
Dunaföldvár
58%
Fadd
58%
Harc
58%
Kurd
58%
Őcsény
58%
Zomba
58%
Alsónána
50%
Bátaapáti
50%
Bogyiszló
50%
Hőgyész
50%
Nagymányok
50%
Szálka
50%
Tengelic
50%
Alsónyék
42%
Cikó
42%
Dunaszentgyörgy
42%
Felsőnána
42%
Gyönk
42%
Kéty
42%
Kölesd
42%
Mőcsény
42%
Sióagárd
42%
Szakály
42%
Tevel
42%
Aparhant
33%
Gerjen
33%
Györe
33%
Iregszemcse
33%
Izmény
33%
Kisdorog
33%
Madocsa
33%
Medina
33%
Mucsfa
33%
Nagydorog
33%
Ozora
33%
Pincehely
33%
Pörböly
33%
Váralja
33%
Várdomb
33%
Attala
25%
Bölcske
25%
Döbrököz
25%
Grábóc
25%
Kajdacs
25%
Kismányok
25%
Kisvejke
25%
Magyarkeszi
25%
Mórágy
25%
Mucsi
25%
Murga
25%
Nagykónyi
25%
Nagyvejke
25%
Pálfa
25%
Regöly
25%
Sárpilis
25%
Simontornya
25%
Szedres
25%
Varsád
25%
Bonyhádvarasd
17%
Csibrák
17%
Dalmand
17%
Fácánkert
17%
Felsőnyék
17%
Györköny
17%
Kapospula
17%
Kaposszekcső
17%
Lengyel
17%
Németkér
17%
Szakadát
17%
Szakcs
17%
Závod
17%
Belecska
8%
Bikács
8%
Csikóstőttős
8%
Diósberény
8%
Dúzs
8%
Értény
8%
Fürged
8%
Gyulaj
8%
Kalaznó
8%
Keszőhidegkút
8%
Kocsola
8%
Nagyszokoly
8%
Nak
8%
Pári
8%
Pusztahencse
8%
Sárszentlőrinc
8%
Tolnanémedi
8%
Újireg
8%
Jágónak
0%
Kisszékely
0%
Kistormás
0%
Koppányszántó
0%
Lápafő
0%
Miszla
0%
Nagyszékely
0%
Szárazd
0%
Udvari
0%
Várong
0%
No matching quizzes found
Score Distribution
Percent of People with Each Score
Percentile by Number Answered
Your Score History
You have not taken this quiz